00262nam a2200109Ia 4500100002700000654001300027245004200040260003500082082001500117300000800132546001200140 aPinson/ L.J. & Others  aComputer aFirst Course in Compsc with Modula 2 bJohn wiley pubaNew Yorkc1987 a005.13 'W' a510 aENGLISH